000 00312 a2200109 4500
001 ART_18161
005 20260410161658.0
008 260409a
245 1 0 _aLas cooperativas de trabajo y el IVA
100 1 _aOklander, Juan
773 0 _tPráctica profesional
_g- Nº 149 (sep. 2011)
_wREV542
999 _c14864
_d14864